000 00568nam a22002057a 4500
003 OSt
005 20140310182819.0
008 130304t xxu||||| |||| 00| 0 eng d
020 _a0201352429
050 _aQA 76.73.C15
_b.Se43 1998
100 _aSedgewick, Robert.
245 _aAlgorithms in C /
_cRobert Sedgewick.
260 _aReading, Mass. :
_bAddison-Wesley,
_c1998.
300 _axvii, 702 p. :
_bill. ;
_c24 cm.
521 _aIT
650 _aComputer algorithms
650 _a C ( Computer program language )
942 _2lcc
_cBK
_kFOR
999 _c16349
_d16349